[Event "VIE-ch U15"]
[Site "Da Lat"]
[Date "2013.07.??"]
[Round "8"]
[White "Lanh, Tuan Minh"]
[Black "Tran, Duc"]
[Result "1/2-1/2"]
[WhiteElo "1977"]
[BlackElo "1980"]
[PlyCount "51"]
[EventDate "2013.07.13"]
[EventType "swiss"]
[EventRounds "9"]
[EventCountry "VIE"]
[SourceTitle "EXT 2014"]
[Source "ChessBase"]
[SourceDate "2013.11.20"]
[SourceVersion "1"]
[SourceVersionDate "2013.11.20"]
[SourceQuality "1"]

1. d4 d5 2. c4 c6 3. Nc3 Bg4 4. cxd5 cxd5 5. Qa4+ Nc6 6. Bf4 a6 7. e3 e6 8. Bd3 Bd6 9. Bxd6 Qxd6 10. Nge2 Bxe2 11. Bxe2 Rc8 12. 0-0 Nf6 13. a3 0-0 14. h3 Ne7 15. Bd3 Rc7 16. Rac1 Rfc8 17. Rc2 Nd7 18. Rfc1 Nb6 19. Qb3 g6 20. e4 Nd7 21. e5 Qb6 22. Qa4 Kf8 23. Kf1 Nb8 24. g3 Rc6 25. Kg2 Kg7 26. g4 1/2-1/2

[Event "VIE-ch U15"]
[Site "Da Lat"]
[Date "2013.07.??"]
[Round "1"]
[White "Tran, Duc"]
[Black "Phan, Luong"]
[Result "0-1"]
[WhiteElo "1980"]
[BlackElo "1836"]
[PlyCount "126"]
[EventDate "2013.07.13"]
[EventType "swiss"]
[EventRounds "9"]
[EventCountry "VIE"]
[SourceTitle "EXT 2014"]
[Source "ChessBase"]
[SourceDate "2013.11.20"]
[SourceVersion "1"]
[SourceVersionDate "2013.11.20"]
[SourceQuality "1"]

1. e4 e6 2. Nf3 d5 3. exd5 exd5 4. d4 Bd6 5. Bd3 Ne7 6. c3 c6 7. Qc2 Bg4 8. Nbd2 h6 9. h3 Bh5 10. 0-0 Nd7 11. Re1 0-0 12. Nh4 g5 13. Nf5 Nxf5 14. Bxf5 Kg7 15. Nf1 Bg6 16. Ne3 Qf6 17. g4 Bf4 18. Rf1 Nb6 19. b3 h5 20. Bxg6 fxg6 21. Ng2 hxg4 22. Nxf4 gxf4 23. hxg4 Qh4 24. f3 Rae8 25. Qh2 Qxh2+ 26. Kxh2 Re2+ 27. Kg1 g5 28. Rf2 Rfe8 29. Bd2 Nc8 30. Kf1 Rxf2+ 31. Kxf2 Nd6 32. Re1 Rxe1 33. Bxe1 Kf6 34. Ke2 Ke6 35. Kd3 b6 36. c4 c5 37. Bf2 cxd4 38. Bxd4 dxc4+ 39. bxc4 Nf7 40. c5 b5 41. c6 a6 42. c7 Kd7 43. Bb6 Nd6 44. Kd4 Nc4 45. Kc5 Ne5 46. Kd5 Nxf3 47. Ke4 Nh4 48. Ba5 Ng2 49. Bb6 Ne3 50. Bxe3 fxe3 51. Kxe3 Kxc7 52. Ke4 a5 53. Kf5 b4 54. Kxg5 a4 55. Kh6 b3 56. axb3 axb3 57. g5 b2 58. g6 b1Q 59. g7 Qh1+ 60. Kg6 Qd5 61. Kh7 Qh5+ 62. Kg8 Kd7 63. Kf8 Qe8# 0-1